Southville International School and Colleges
Your cart is empty.
  • Cart
  • Lists
    Public lists Eva Luna New books Lux_list list_1
    Your lists Log in to create your own lists
  • Log in to your account
  • Your cookies
  • Search history
Southville International School and Colleges
  • Advanced search
  • Recent comments
  • Most popular
  • Libraries

Log in to your account

Log in with GOOGLE


If you do not have an external account, but do have a local account, you can still log in:

  1. Home
  2. MARC view: Mga bugtong at salawikain para sa bagong henerasyon /
Normal view MARC view ISBD view

Mga bugtong at salawikain para sa bagong henerasyon / (Record no. 345238)

[ view plain ]
MARC details
000 -LEADER
fixed length control field 00617nam a2200229Ia 4500
008 - FIXED-LENGTH DATA ELEMENTS--GENERAL INFORMATION
fixed length control field 171120s9999 xx 000 0 und d
020 ## - INTERNATIONAL STANDARD BOOK NUMBER
International Standard Book Number 9712712303
050 ## - LIBRARY OF CONGRESS CALL NUMBER
Classification number 398.6
050 ## - LIBRARY OF CONGRESS CALL NUMBER
Item number T555 2002
100 ## - MAIN ENTRY--PERSONAL NAME
Personal name Tica, Nimrod Ebenezer C.
245 ## - TITLE STATEMENT
Title Mga bugtong at salawikain para sa bagong henerasyon /
245 ## - TITLE STATEMENT
Statement of responsibility, etc by Nimrod Ebenezer C. Tica and Vivian Balaris-Tica.
260 ## - PUBLICATION, DISTRIBUTION, ETC. (IMPRINT)
Place of publication, distribution, etc Philippines :
260 ## - PUBLICATION, DISTRIBUTION, ETC. (IMPRINT)
Name of publisher, distributor, etc Anvil,
260 ## - PUBLICATION, DISTRIBUTION, ETC. (IMPRINT)
Date of publication, distribution, etc 2002
300 ## - PHYSICAL DESCRIPTION
Extent 101 pages :
300 ## - PHYSICAL DESCRIPTION
Other physical details illustrations ;
300 ## - PHYSICAL DESCRIPTION
Dimensions 17cm.
650 ## - SUBJECT ADDED ENTRY--TOPICAL TERM
Topical term or geographic name as entry element Riddles, Filipino.
700 ## - ADDED ENTRY--PERSONAL NAME
Personal name Balaris- Tica, Vivian.
700 ## - ADDED ENTRY--PERSONAL NAME
Personal name Title.
Holdings
Withdrawn status Lost status Damaged status Home library Current library Date acquired Total Checkouts Full call number Barcode Date last seen Price effective from Koha item type
      Stonyhurst Southville International School (Malarayat) Stonyhurst Southville International School (Malarayat) 11/20/2017   FIL 398.6 T555 2002 SSISM4282 11/20/2017 11/20/2017 Books

Mga bugtong at salawikain para sa bagong henerasyon /

APA

Tica N. E. C., Balaris- Tica V. & Title.Mga bugtong at salawikain para sa bagong henerasyon. Philippines: .

Chicago

Tica Nimrod Ebenezer C, Balaris- Tica Vivian and Title.Mga bugtong at salawikain para sa bagong henerasyon. Philippines: .

Harvard

Tica N. E. C., Balaris- Tica V. and Title.Mga bugtong at salawikain para sa bagong henerasyon. Philippines: .

MLA

Tica Nimrod Ebenezer C, Balaris- Tica Vivian and Title.Philippines: . .

  • Place hold
  • Print
  • Cite
  • Add to your cart (remove)
  • Save record
    BIBTEX Dublin Core MARCXML MARC (non-Unicode/MARC-8) MARC (Unicode/UTF-8) MARC (Unicode/UTF-8, Standard) MODS (XML) RIS
  • More searches
    Search for this title in:
    Other Libraries (WorldCat) Other Databases (Google Scholar) Online Stores (Bookfinder.com) Open Library (openlibrary.org)

Exporting to Dublin Core...

SOUTHVILLE LIBRARY

Southville International School and Colleges Library

1281 Tropical Ave. Cor. Luxembourg St., BF Homes International, Las Pinas City

Tel. No. 8256374 / 252358 Loc. 117/146

Powered by Koha